Cogeneración
Guardat en:
| Autor principal: | |
|---|---|
| Format: | Llibre |
| Idioma: | espanyol |
| Publicat: |
Madrid
Fundación Confemetal
2003
|
| Edició: | 2a. ed |
| Matèries: | |
| Etiquetes: |
Afegir etiqueta
Sense etiquetes, Sigues el primer a etiquetar aquest registre!
|
MARC
| LEADER | 00000nam a2200000 a 4500 | ||
|---|---|---|---|
| 001 | UCG3815 | ||
| 003 | CL-VaPUC | ||
| 008 | 100916e20030000SP |||||||||||||||||spa|d | ||
| 020 | |a 8495428911 | ||
| 082 | 0 | 4 | |a 621.3121 |b VIL |2 21 |
| 100 | 0 | |a Villares Martín, Mario |e author |9 553101 | |
| 245 | 1 | 0 | |a Cogeneración |
| 250 | |a 2a. ed | ||
| 300 | |a 293 p | ||
| 942 | |c BK | ||
| 945 | |d 20100916 00:00:00 |a mfarfan | ||
| 260 | |a Madrid |b Fundación Confemetal |c 2003 | ||
| 650 | 0 | |a Termodinámica |9 259320 | |
| 650 | 0 | |a Cogeneración |9 440297 | |
| 650 | 0 | |a Electricidad |9 260222 | |
| 650 | 0 | |a Circuitos |9 263339 | |
| 650 | 0 | |a Gases |9 260945 | |
| 650 | 0 | |a Turbina a vapor |9 553102 | |
| 583 | |a last modification |c 20100916 00:00:00 |k Rodrigo Vera | ||
| 999 | |c 342791 |d 342789 | ||
| 952 | |0 0 |1 0 |4 0 |6 621_312100000000000_VIL_2003 |7 0 |8 A |9 439324 |a BIBMEC |b BIBMEC |d 2019-11-22 |i 4719700 |o 621.3121 VIL 2003 |p 4719700 |r 2024-01-19 |w 2019-11-22 |y BK |k MEC | ||